<?xml version="1.0" encoding="UTF-8"?>
<collection xmlns="http://www.loc.gov/MARC21/slim">
 <record>
  <leader>03853nam a22004931i 4500</leader>
  <controlfield tag="001">000707509</controlfield>
  <controlfield tag="003">CaToSAGE</controlfield>
  <controlfield tag="005">20240202172917.0</controlfield>
  <controlfield tag="005">20190412153737.7</controlfield>
  <controlfield tag="006">m|||||o||d||||||||</controlfield>
  <controlfield tag="007">cr |||||||||||</controlfield>
  <controlfield tag="008">190412s2019    enk    fob    000 0|eng|d</controlfield>
  <datafield tag="STA" ind1=" " ind2=" ">
   <subfield code="a">NEZPRACOVANÝ IMPORT</subfield>
  </datafield>
  <datafield tag="020" ind1=" " ind2=" ">
   <subfield code="a">9781526496607 (ebook) :</subfield>
   <subfield code="c">No price</subfield>
  </datafield>
  <datafield tag="035" ind1=" " ind2=" ">
   <subfield code="a">(OCoLC)1099140873</subfield>
  </datafield>
  <datafield tag="040" ind1=" " ind2=" ">
   <subfield code="a">CaToSAGE</subfield>
   <subfield code="b">eng</subfield>
   <subfield code="c">CaToSAGE</subfield>
   <subfield code="e">rda</subfield>
   <subfield code="e">pn</subfield>
   <subfield code="d">UtOrBLW</subfield>
  </datafield>
  <datafield tag="050" ind1=" " ind2="4">
   <subfield code="a">GV734.5</subfield>
   <subfield code="b">.P74 2019</subfield>
  </datafield>
  <datafield tag="082" ind1="0" ind2="4">
   <subfield code="a">338.477960973</subfield>
  </datafield>
  <datafield tag="100" ind1="1" ind2=" ">
   <subfield code="a">Presley, Regina G.,</subfield>
   <subfield code="e">author.</subfield>
  </datafield>
  <datafield tag="245" ind1="1" ind2="0">
   <subfield code="a">Greatness is a process :</subfield>
   <subfield code="b">an examination of Jay Z's rise and future in sports agency /</subfield>
   <subfield code="c">Regina G. Presley, Marion E. Hambrick.</subfield>
  </datafield>
  <datafield tag="264" ind1=" " ind2="1">
   <subfield code="a">London :</subfield>
   <subfield code="b">SAGE Publications: SAGE Business Cases Originals,</subfield>
   <subfield code="c">2019.</subfield>
  </datafield>
  <datafield tag="300" ind1=" " ind2=" ">
   <subfield code="a">1 online resource.</subfield>
  </datafield>
  <datafield tag="336" ind1=" " ind2=" ">
   <subfield code="a">text</subfield>
   <subfield code="b">txt</subfield>
   <subfield code="2">rdacontent</subfield>
  </datafield>
  <datafield tag="337" ind1=" " ind2=" ">
   <subfield code="a">computer</subfield>
   <subfield code="b">c</subfield>
   <subfield code="2">rdamedia</subfield>
  </datafield>
  <datafield tag="338" ind1=" " ind2=" ">
   <subfield code="a">online resource</subfield>
   <subfield code="b">cr</subfield>
   <subfield code="2">rdacarrier</subfield>
  </datafield>
  <datafield tag="490" ind1="1" ind2=" ">
   <subfield code="a">SAGE Knowledge. Cases</subfield>
  </datafield>
  <datafield tag="504" ind1=" " ind2=" ">
   <subfield code="a">Includes bibliographical references and index.</subfield>
  </datafield>
  <datafield tag="520" ind1="8" ind2=" ">
   <subfield code="a">In April of 2018, Jay Z signed international soccer star Romelu Lukaku, which added the first Manchester United Premier League athlete to a growing roster of sport superstars represented by Jay Z's label. This transition into international sports propelled Jay Z and his agency Roc Nation to the #33 position on the Forbes list of Top Sport Agencies. Jay Z had already become officially certified by the National Basketball Players Association and the Major League Baseball Players Association in 2013 and in the National Football League Players Association in 2017. This type of player representation is not new, but Jay Z and his crossover into the sports landscape may cause significant disruption in the sports agency industry. Jay Z has continued to expand and grow his musical empire and embrace new challenges in the world of business. After securing a 10 year, USD 240 million deal for Robinson Cano with the Seattle Mariners in 2013, Jay Z and his team discovered the benefit of star athletes and began signing high-dollar names like Leonard Fournette, Kevin Durant, Yoenis Cespedes, Ndamukong Suh, and Dez Bryant. In addition, Roc Nation Sports also represents the highest paid Running Back in the National Football League on a big-market team, Todd Gurley, who plays for the LA Rams. The music mogul has long embraced the concept of &quot;sportainment,&quot; or combining sports with entertainment, but now faces the challenges of growth in a highly competitive market. Did these athletes make the correct decision in signing with Jay Z? This case explores music mogul Jay Z's agency Roc Nation Sports and the disruption and rivalry in the competitive sports agency marketplace.</subfield>
  </datafield>
  <datafield tag="588" ind1=" " ind2=" ">
   <subfield code="a">Description based on XML content.</subfield>
  </datafield>
  <datafield tag="655" ind1=" " ind2="7">
   <subfield code="a">elektronické knihy</subfield>
   <subfield code="7">fd186907</subfield>
   <subfield code="2">czenas</subfield>
  </datafield>
  <datafield tag="655" ind1=" " ind2="9">
   <subfield code="a">electronic books</subfield>
   <subfield code="2">eczenas</subfield>
  </datafield>
  <datafield tag="600" ind1="0" ind2="0">
   <subfield code="a">Jay-Z,</subfield>
   <subfield code="d">1969-</subfield>
  </datafield>
  <datafield tag="610" ind1="2" ind2="0">
   <subfield code="a">Roc Nation</subfield>
   <subfield code="x">Management.</subfield>
  </datafield>
  <datafield tag="650" ind1=" " ind2="0">
   <subfield code="a">Sports agents.</subfield>
  </datafield>
  <datafield tag="700" ind1="1" ind2=" ">
   <subfield code="a">Hambrick, Marion E.,</subfield>
   <subfield code="e">author.</subfield>
  </datafield>
  <datafield tag="830" ind1=" " ind2="0">
   <subfield code="a">SAGE Knowledge.</subfield>
   <subfield code="p">Cases.</subfield>
  </datafield>
  <datafield tag="856" ind1="4" ind2="0">
   <subfield code="3">SAGE Knowledge</subfield>
   <subfield code="u">https://sk.sagepub.com/cases/greatness-process-examination-jay-z-rise-future-sports-agency</subfield>
   <subfield code="y">Plný text</subfield>
  </datafield>
  <datafield tag="BAS" ind1=" " ind2=" ">
   <subfield code="a">SBC</subfield>
  </datafield>
  <datafield tag="BAS" ind1=" " ind2=" ">
   <subfield code="a">EB</subfield>
  </datafield>
  <datafield tag="993" ind1=" " ind2=" ">
   <subfield code="x">NEPOSILAT</subfield>
   <subfield code="y">EB</subfield>
  </datafield>
  <datafield tag="972" ind1=" " ind2=" ">
   <subfield code="d">4-22-2019</subfield>
   <subfield code="a">I think the call number should represent the sports agent aspect, instead of a music biography call number. The work is about Jay-Z's experience/work as a sports agent and doesn't seem to go into the music aspect of his life. The call number should be 050 #0 GV734.5</subfield>
   <subfield code="b">.P74 2019 and the Dewey number will be 338.477960973</subfield>
  </datafield>
  <datafield tag="972" ind1=" " ind2=" ">
   <subfield code="d">4-22-2019</subfield>
   <subfield code="a">Even though it technically doesn't authorize: I would add</subfield>
   <subfield code="x">Management to the 610. It will eventually authorize so we should be able to add subdivision to those headings as needed.</subfield>
  </datafield>
 </record>
</collection>
